| 000 | 00373nam a2200145Ia 4500 | ||
|---|---|---|---|
| 008 | 240624s9999 xx 000 0 und d | ||
| 041 | _aeng | ||
| 082 | _a005.133 NOR | ||
| 100 | _aNORTON PETER | ||
| 245 | _aPETER NORTON S COMPLETE GUIDE TO DOS 6 2 | ||
| 250 | _a(6th ed.) | ||
| 260 |
_c1994 _aNew Delhi _bTechmedia |
||
| 300 | _axlvi, : 1150 : p. : cm. ; 23 | ||
| 365 | _cRS | ||
| 999 |
_c2941 _d2941 |
||